000 00511nam a2200181Ia 4500
999 _c8924
_d8924
003 OSt
005 20201008124427.0
008 190216s9999||||xx |||||||||||||| ||und||
020 _a8177225014
040 _coclc
082 _a005.133
_bMCG/J
100 _aMcgrath, Mike
_95475
245 0 _aJava Programming In Easy Steps /
_cMike Mcgrath
260 _bDream Tech Press,
_aNew Delhi:
_c2006.
300 _a192p
650 _aComputer
942 _cBK
_2ddc
_h005.133
_iMCG/J
_k005.133
_mMCG/J